আমলাতন্ত্র ও প্রতিনিধিত্বশীল সরকার ব্যবস্থা : (Record no. 57821)
[ view plain ]
| 000 -LEADER | |
|---|---|
| fixed length control field | 01146nam a22002417a 4500 |
| 001 - CONTROL NUMBER | |
| control field | 57821 |
| 003 - CONTROL NUMBER IDENTIFIER | |
| rucl marc code | BD-RjUL |
| 005 - DATE AND TIME OF LATEST TRANSACTION | |
| control field | 20211212154647.0 |
| 008 - FIXED-LENGTH DATA ELEMENTS--GENERAL INFORMATION | |
| fixed length control field | 161212s2007 bg a|||| |b|| 00| 0 ben d |
| 020 ## - INTERNATIONAL STANDARD BOOK NUMBER | |
| Terms of availability | : Tk. 100.00 |
| 035 ## - SYSTEM CONTROL NUMBER | |
| System control number | (BD-RjUL)57821 |
| 040 ## - CATALOGING SOURCE | |
| Original cataloging agency | BD-RjUL |
| Language of cataloging | eng |
| Transcribing agency | BD-RjUL |
| 041 ## - LANGUAGE CODE | |
| Language code of text/sound track or separate title | ben |
| 082 ## - DEWEY DECIMAL CLASSIFICATION NUMBER | |
| Edition number | 23 |
| Classification number | 354.095492 |
| Author mark and year | SAA 2007 |
| 100 1# - MAIN ENTRY--PERSONAL NAME | |
| Personal name | সালেহ্উদ্দিন, সৈয়দ জাভেদ |
| 9 (RLIN) | 171712 |
| 245 10 - TITLE STATEMENT | |
| Title | আমলাতন্ত্র ও প্রতিনিধিত্বশীল সরকার ব্যবস্থা : |
| Remainder of title | পরিপ্রেক্ষিত বাংলাদেশ / |
| Statement of responsibility, etc. | সৈয়দ জাভেদ সালেহ্উদ্দিন. |
| 260 ## - PUBLICATION, DISTRIBUTION, ETC. (IMPRINT) | |
| Place of publication, distribution, etc. | ঢাকা : |
| Name of publisher, distributor, etc. | বাংলাদেশ ল'বুক সেন্টার, |
| Date of publication, distribution, etc. | ২০০৭. |
| 300 ## - PHYSICAL DESCRIPTION | |
| Pagination | [৮], ১৬৪ পৃ. : |
| Illustrations | চিত্রাবলী ; |
| Size | ২০ সেমি. |
| 504 ## - BIBLIOGRAPHY, ETC. NOTE | |
| Bibliography, etc | গ্রন্থপঞ্জী অন্তর্ভুক্ত |
| 650 ## - SUBJECT ADDED ENTRY--TOPICAL TERM | |
| Topical term or geographic name as entry element | আমলাতন্ত্র |
| Geographic subdivision | বাংলাদেশ |
| 9 (RLIN) | 171713 |
| Topical term or geographic name as entry element | Bureaucracy |
| Geographic subdivision | Bangladesh |
| 9 (RLIN) | 171714 |
| 942 ## - ADDED ENTRY ELEMENTS (KOHA) | |
| Source of classification or shelving scheme | Dewey Decimal Classification |
| Koha item type | Books |
| Lost status | Source of classification or shelving scheme | Damaged status | Not for loan | Collection code | Permanent Location | Current Location | Shelving location | Date acquired | Source of acquisition | Cost, normal purchase price | Full call number | Date last seen | Copy number | Koha item type |
|---|---|---|---|---|---|---|---|---|---|---|---|---|---|---|
| Dewey Decimal Classification | Not For Loan | Non-fiction | Central Library, University of Rajshahi | Central Library, University of Rajshahi | Reading Room | 11/11/2007 | Rajshahi, Author | 100.00 | B 354.095492 SAA 2007 | 12/12/2016 | C-1 | Books |